The Green Deal and energy company obligation (Record no. 114336)

MARC details
000 -LEADER
fixed length control field 01450cad a22002175a 4500
001 - CONTROL NUMBER
control field L156638
008 - FIXED-LENGTH DATA ELEMENTS--GENERAL INFORMATION
fixed length control field 120615s2012 xxk f 000 0 eng d
035 ## - SYSTEM CONTROL NUMBER
System control number (Sirsi) u156638
041 0# - LANGUAGE CODE
Language code of text/sound track or separate title eng
110 2# - MAIN ENTRY--CORPORATE NAME
Corporate name or jurisdiction name as entry element United Kingdom
Subordinate unit Department of Energy and Climate Change
9 (RLIN) 5850
245 04 - TITLE STATEMENT
Title The Green Deal and energy company obligation
Remainder of title Government response to the November 2011 consultation
Medium [electronic resource]
260 ## - PUBLICATION, DISTRIBUTION, ETC.
Place of publication, distribution, etc. London
Name of publisher, distributor, etc. DECC
Date of publication, distribution, etc. 2012
520 ## - SUMMARY, ETC.
Summary, etc. Government response to the Green Deal and ECO consultation published in November 2011. Gives full details of the final Green Deal policy including various changes which involve improved consumer protections such as restrictions on 'cold calling' and new rules requiring Green Deal Assessors to declare any commission they might be receiving for carrying out an assessment. Also a change to the warranties proposal eases requirements on businesses to hold warranties for the length of a Green Deal plan while maintaining robust minimum standards of protection for consumers, including 25 year warranties in the case of wall insulation.
590 ## - LOCAL NOTE (RLIN)
Local note KA NTK
651 #4 - SUBJECT ADDED ENTRY--GEOGRAPHIC NAME
Geographic name England and Wales
Chronological subdivision 1543-
651 #4 - SUBJECT ADDED ENTRY--GEOGRAPHIC NAME
Geographic name Scotland
690 ## - LOCAL SUBJECT ADDED ENTRY--TOPICAL TERM (OCLC, RLIN)
Topical term or geographic name as entry element Sustainability
9 (RLIN) 6271
690 ## - LOCAL SUBJECT ADDED ENTRY--TOPICAL TERM (OCLC, RLIN)
Topical term or geographic name as entry element Environment
9 (RLIN) 6238
856 40 - ELECTRONIC LOCATION AND ACCESS
Uniform Resource Identifier <a href="https://www.decc.gov.uk/assets/decc/11/consultation/green-deal/5521-the-green-deal-and-energy-company-obligation-cons.pdf">https://www.decc.gov.uk/assets/decc/11/consultation/green-deal/5521-the-green-deal-and-energy-company-obligation-cons.pdf</a>
Public note View the item free of charge at www.decc.gov.uk
942 ## - ADDED ENTRY ELEMENTS (KOHA)
Suppress in OPAC 0
Holdings
Withdrawn status Lost status Source of classification or shelving scheme Damaged status Not for loan Home library Current library Shelving location Date acquired Total Checkouts Full call number Barcode Date last seen Copy number Price effective from Koha item type
    Dewey Decimal Classification     Virtual Virtual Online 15/06/2012   ONLINE PUBLICATION 156638-2001 06/08/2019 1 06/08/2019 Book